000 00625nam a22002297a 4500
003 OSt
005 20140310181937.0
008 130724t xxu||||| |||| 00| 0 eng d
020 _a0451187903
050 _aPR 4034
_b.Au933 1995
082 _aCLA
_bAu7s 1995
100 _aAusten, Jane
_93072
245 _aSense and sensibility /
_cJane Austen.
260 _aNew York :
_bPenguin Group,
_cc1995.
300 _a317 p. ;
_c18 cm.
541 _j1
562 _e1
650 _aLove stories
_xFiction
_93456
650 _a Romantic literature
_xFiction
_93457
700 _aAusten, Jane
_93072
942 _2lcc
_cBBK
_kCLA
999 _c7570
_d7570